Migrácia a jej dosahy na zmeny marketingových stratégií firiem diplomová práca

Gespeichert in:
Bibliographische Detailangaben
1. Verfasser: Gálisová, Zuzana
Körperschaft: Obchodná fakulta EU. Katedra medzinárodného obchodu
Weitere Verfasser: Zorkóciová, Otília, 1954-
Format: Buch
Sprache:Slowakisch
Veröffentlicht: Bratislava 2018
Tags: Tag hinzufügen
Keine Tags, Fügen Sie das erste Tag hinzu!

MARC

LEADER 00000nbm a2200000 4500
001 0243404
005 20181003112439.6
041 0 |a slo 
044 |a SK 
245 1 0 |a Migrácia a jej dosahy na zmeny marketingových stratégií firiem  |b diplomová práca  |c Zuzana Gálisová ; školiteľ: Otília Zorkóciová 
264 1 |a Bratislava  |c 2018 
300 |a 68 s. 
100 1 |a Gálisová, Zuzana 
700 1 |a Zorkóciová, Otília, 1954- 
710 2 |a Obchodná fakulta EU. Katedra medzinárodného obchodu